NLSUI OPAC header image

Seminar Proceedings: Human development report 1999 Globalisation and human development (Record no. 110870)

MARC details
000 -LEADER
fixed length control field 00396nam a2200109Ia 4500
008 - FIXED-LENGTH DATA ELEMENTS--GENERAL INFORMATION
fixed length control field 180321s1999 xx 000 0 und d
082 ## - DEWEY DECIMAL CLASSIFICATION NUMBER
Classification number 338.9 ICR
245 ## - TITLE STATEMENT
Title Seminar Proceedings: Human development report 1999 Globalisation and human development
260 ## - PUBLICATION, DISTRIBUTION, ETC.
Place of publication, distribution, etc. New Delhi
Name of publisher, distributor, etc. Indian Council for Research on International Econo
Date of publication, distribution, etc. 1999
300 ## - PHYSICAL DESCRIPTION
Extent 33
650 ## - SUBJECT ADDED ENTRY--TOPICAL TERM
Topical term or geographic name entry element Human Development Report 1999 - India
Holdings
Withdrawn status Lost status Damaged status Not for loan Collection code Home library Current library Shelving location Date acquired Total Checkouts Barcode Date last seen Price effective from Koha item type
          . .   24.12.2017   REP13159 29.03.2018 29.03.2018 Repository